| 000 | 00366nam a2200109Ia 4500 | ||
|---|---|---|---|
| 008 | 160909s9999 xx 000 0 und d | ||
| 100 | _aHolk, Eric | ||
| 245 | _aRegion-based memory management for expressive GPU programming | ||
| 260 |
_bIndiana University _c2016 |
||
| 650 | _aFINANCIAL MANAGEMENT | ||
| 856 | _uhttp://pqdtopen.proquest.com/doc/1810156180.html?FMT=ABS | ||
| 999 |
_c304631 _d304631 |
||